000 00646nam a2200241Ia 4500
003 OSt
005 20220918185815.0
006 a|||||r|||| 00| 0
007 ta
008 220917b |||||||| |||| 00| 0 eng d
024 _a52,882
037 _cTextual
040 _aARTS
_cARTS
_beng
041 _2eng
_aeng
082 _aP122,:12, 111K5
100 _aKellenberger H
_970370
245 0 _aInfluence of accentuation on French word order
260 _aN York
_bKraus
_c1965
300 _aiv, 107p.
_ccm.
650 _aLINGUISTICS
942 _hP122,:12, 111K5
_cTEXL
_2CC
999 _c182240
_d182240